[Event "Hamburg-chT Landesliga 2122"]
[Site "Hamburg"]
[Date "2022.03.27"]
[Round "6.7"]
[White "Habermann, Till"]
[Black "Reichhardt, Philip"]
[Result "1-0"]
[WhiteElo "1930"]
[BlackElo "1992"]
[PlyCount "119"]
[EventDate "2021.10.31"]
[EventType "team-tourn"]
[EventRounds "9"]
[EventCountry "GER"]
[SourceTitle "EXT 2023"]
[Source "ChessBase"]
[SourceDate "2022.10.05"]
[SourceVersion "1"]
[SourceVersionDate "2022.10.05"]
[SourceQuality "1"]
[WhiteTeam "Weisse Dame"]
[BlackTeam "Fischbek"]
[WhiteTeamCountry "GER"]
[BlackTeamCountry "GER"]

1. d4 d5 2. c4 e6 3. Nf3 Nf6 4. e3 Be7 5. Bd3 Nbd7 6. 0-0 0-0 7. b3 b6 8. a4 a5 9. Ne5 Bb7 10. Qc2 c5 11. cxd5 exd5 12. Bf5 cxd4 13. Nxd7 Nxd7 14. Bxh7+ Kh8 15. exd4 g6 16. Bxg6 fxg6 17. Qxg6 Rf6 18. Qh5+ Kg7 19. Nc3 Nf8 20. Re1 Rg6 21. Ra2 Rc8 22. Rae2 Bb4 23. Re8 Qxe8 24. Rxe8 Rxe8 25. Bd2 Rc8 26. Qe5+ Kg8 27. Nxd5 Re6 28. Qg5+ Kf7 29. Qf5+ Kg7 30. Qg5+ Kf7 31. Qf5+ Ke8 32. Qh5+ Kd7 33. Qf7+ Be7 34. Qf5 Ke8 35. h3 Bd6 36. Nf6+ Ke7 37. Ng8+ Kd8 38. Bg5+ Kc7 39. Bf4 Kb8 40. d5 Re1+ 41. Kh2 Bxf4+ 42. Qxf4+ Ka7 43. Nf6 Ng6 44. Qg5 Ne5 45. d6 Rd8 46. Qd2 Rb1 47. d7 Rxb3 48. Qc2 Rb4 49. Qc7 Nc6 50. Ne8 Rd4 51. Nd6 Rxd6 52. Qxd6 Nb8 53. h4 Rxd7 54. Qg6 Rd4 55. h5 Nd7 56. h6 Nf8 57. Qf6 Rxa4 58. Qxf8 Rg4 59. f3 Rg6 60. h7 1-0

[Event "Hamburg-chT Landesliga 1920"]
[Site "Hamburg"]
[Date "2019.12.08"]
[Round "4.40"]
[White "Goetz, Claus"]
[Black "Habermann, Till"]
[Result "1-0"]
[WhiteElo "1941"]
[BlackElo "1941"]
[PlyCount "33"]
[EventDate "2019.09.29"]
[EventType "team-tourn"]
[EventRounds "9"]
[EventCountry "GER"]
[SourceTitle "EXT 2021"]
[Source "ChessBase"]
[SourceDate "2020.10.23"]
[SourceVersion "1"]
[SourceVersionDate "2020.10.23"]
[SourceQuality "1"]

1. e4 e5 2. Nf3 Nc6 3. Bc4 Nf6 4. d3 Be7 5. c3 0-0 6. Nbd2 d6 7. 0-0 Bg4 8. Re1 Qc8 9. Nf1 Nd8 10. Ng3 h5 11. h3 h4 12. Nf5 Bxf5 13. exf5 Qxf5 14. Nxh4 Qc8 15. Qf3 Nd7 16. Ng6 Re8 17. Qh5 1-0

[Event "Hamburg CC Easter op 3rd"]
[Site "Hamburg"]
[Date "2017.04.16"]
[Round "5"]
[White "Habermann, Till"]
[Black "Grotrian, Peter"]
[Result "1-0"]
[WhiteElo "1894"]
[BlackElo "1536"]
[PlyCount "49"]
[EventDate "2017.04.14"]
[EventType "swiss"]
[EventRounds "7"]
[EventCountry "GER"]
[SourceTitle "EXT 2020"]
[Source "ChessBase"]
[SourceDate "2019.10.17"]
[SourceVersion "1"]
[SourceVersionDate "2019.10.17"]
[SourceQuality "1"]

1. d4 e6 2. e4 d5 3. exd5 exd5 4. Bd3 Bd6 5. Nf3 Nf6 6. 0-0 0-0 7. Nbd2 Re8 8. c4 Nc6 9. cxd5 Nxd5 10. Nc4 h6 11. Nxd6 Qxd6 12. h3 a6 13. Re1 Bd7 14. Rxe8+ Rxe8 15. Bd2 Ndb4 16. Bc4 Na5 17. Bxf7+ Kxf7 18. Ne5+ Rxe5 19. dxe5 Qg6 20. Bxb4 Bxh3 21. Qd5+ Ke8 22. Qg8+ Kd7 23. Rd1+ Kc6 24. Qd5+ Kb6 25. Qc5# 1-0

[Event "Hamburg HSK op"]
[Site "Hamburg"]
[Date "2016.12.30"]
[Round "7"]
[White "Nedic, Dusan"]
[Black "Habermann, Till"]
[Result "1-0"]
[WhiteElo "2358"]
[BlackElo "1802"]
[PlyCount "47"]
[EventDate "2016.12.27"]
[EventType "swiss"]
[EventRounds "7"]
[EventCountry "GER"]
[SourceTitle "CBM 176 Extra"]
[Source "ChessBase"]
[SourceDate "2017.03.02"]
[SourceVersion "1"]
[SourceVersionDate "2017.03.02"]
[SourceQuality "1"]

1. d4 d5 2. c4 Nc6 3. cxd5 Qxd5 4. e3 e5 5. Nc3 Bb4 6. Bd2 Bxc3 7. bxc3 Nf6 8. f3 exd4 9. cxd4 Bf5 10. Ne2 0-0 11. Nc3 Qd6 12. Be2 Nxd4 13. exd4 Qxd4 14. Qa4 c5 15. Qxd4 cxd4 16. Nb5 d3 17. Bd1 Rad8 18. a4 a6 19. Nc3 Nd7 20. Kf2 Nb6 21. Bb3 Rd4 22. Rab1 Kh8 23. Be3 Rb4 24. Bc5 1-0

[Event "Hamburg HSK op"]
[Site "Hamburg"]
[Date "2016.12.29"]
[Round "5"]
[White "Uksini, Bardhyl"]
[Black "Habermann, Till"]
[Result "1-0"]
[WhiteElo "2330"]
[BlackElo "1802"]
[PlyCount "27"]
[EventDate "2016.12.27"]
[EventType "swiss"]
[EventRounds "7"]
[EventCountry "GER"]
[SourceTitle "CBM 176 Extra"]
[Source "ChessBase"]
[SourceDate "2017.03.02"]
[SourceVersion "1"]
[SourceVersionDate "2017.03.02"]
[SourceQuality "1"]

1. d4 d5 2. Nf3 Nf6 3. c4 g6 4. cxd5 Bg7 5. Qa4+ Qd7 6. Qxd7+ Nfxd7 7. Nc3 Nb6 8. e4 0-0 9. Be2 f5 10. e5 Rd8 11. h4 c6 12. Bg5 Bf8 13. d6 Kf7 14. h5 1-0

[Event "Norderstedt op"]
[Site "Norderstedt"]
[Date "2013.03.29"]
[Round "2"]
[White "Marzec, Witold"]
[Black "Habermann, Till"]
[Result "1-0"]
[WhiteElo "1804"]
[BlackElo "1626"]
[PlyCount "75"]
[EventDate "2013.03.28"]
[EventType "swiss"]
[EventRounds "9"]
[EventCountry "GER"]
[SourceTitle "EXT 2015"]
[Source "ChessBase"]
[SourceDate "2014.11.20"]
[SourceVersion "1"]
[SourceVersionDate "2014.11.20"]
[SourceQuality "1"]

1. d4 e6 2. c4 Nf6 3. Nf3 Bb4+ 4. Bd2 Qe7 5. a3 Bxd2+ 6. Nbxd2 d5 7. e3 b6 8. cxd5 exd5 9. b4 0-0 10. Rc1 Bf5 11. Be2 Ne4 12. 0-0 h6 13. Nxe4 dxe4 14. Nd2 Nd7 15. Rxc7 Qd6 16. Rc3 Rac8 17. Rxc8 Rxc8 18. Qb1 Rc3 19. a4 Nf6 20. Nc4 Qc7 21. Rc1 Rxc1+ 22. Qxc1 b5 23. axb5 Bd7 24. Qf1 Bxb5 25. Ne5 Bxe2 26. Qxe2 Nd5 27. h3 Nxb4 28. Qb5 a5 29. Qe8+ Kh7 30. Nxf7 Qc1+ 31. Kh2 Qc7+ 32. g3 Kg6 33. Nd6+ Kh7 34. Nf7 Qc2 35. Qh8+ Kg6 36. Ne5+ Kg5 37. Qxg7+ Kf5 38. Qg6# 1-0

[Event "Hamburg-ch U18"]
[Site "Schoenhagen"]
[Date "2009.03.21"]
[Round "10"]
[White "Akram, Shumon"]
[Black "Habermann, Till"]
[Result "1-0"]
[WhiteElo "1578"]
[BlackElo "1012"]
[PlyCount "67"]
[EventDate "2009.03.14"]
[EventType "tourn"]
[EventRounds "10"]
[EventCountry "GER"]
[SourceTitle "EXT 2010"]
[Source "ChessBase"]
[SourceDate "2010.11.25"]
[SourceVersion "1"]
[SourceVersionDate "2010.11.25"]
[SourceQuality "1"]

1. e4 e5 2. Nf3 Nc6 3. Bc4 Bc5 4. c3 d6 5. d4 exd4 6. cxd4 Bb4+ 7. Bd2 Bxd2+ 8. Nbxd2 Bg4 9. Qb3 Bh5 10. Qxb7 Nce7 11. Qb5+ Kf8 12. Qxh5 Ng6 13. 0-0 Nf6 14. Qa5 Qd7 15. e5 d5 16. Qc5+ Kg8 17. Bb5 Qc8 18. exf6 Nf4 19. Qc6 gxf6 20. Qxf6 Qg4 21. Qg5+ Qxg5 22. Nxg5 Rb8 23. a4 c6 24. Bxc6 Ne2+ 25. Kh1 Nxd4 26. Bxd5 Rxb2 27. Ndf3 Nxf3 28. Bxf3 a5 29. Rab1 Rxb1 30. Rxb1 h5 31. Rb8+ Kg7 32. Rxh8 Kxh8 33. Nxf7+ Kg7 34. Bxh5 1-0

[Event "Hamburg-ch U18"]
[Site "Schoenhagen"]
[Date "2009.03.15"]
[Round "2"]
[White "Habermann, Till"]
[Black "Becker, Sven"]
[Result "0-1"]
[WhiteElo "1012"]
[BlackElo "1686"]
[PlyCount "76"]
[EventDate "2009.03.14"]
[EventType "tourn"]
[EventRounds "10"]
[EventCountry "GER"]
[SourceTitle "EXT 2010"]
[Source "ChessBase"]
[SourceDate "2010.11.25"]
[SourceVersion "1"]
[SourceVersionDate "2010.11.25"]
[SourceQuality "1"]

1. d4 Nf6 2. c4 e6 3. Nc3 Bb4 4. g3 Ne4 5. Bd2 Bxc3 6. bxc3 b6 7. Bg2 Bb7 8. Qc2 f5 9. Nh3 h6 10. Nf4 0-0 11. Qc1 Kh7 12. Rg1 Qe7 13. g4 Qh4 14. Bxe4 Bxe4 15. gxf5 Qxh2 16. Rf1 Bxf5 17. Be3 g5 18. Nd3 Nc6 19. Kd2 Qd6 20. f4 g4 21. c5 Qe7 22. cxb6 axb6 23. Ne5 Nxe5 24. fxe5 h5 25. Rh1 Kg6 26. Qf1 Be4 27. Qg1 Bxh1 28. Qxh1 c6 29. Rg1 Rxa2+ 30. Kd3 Qh7 31. Kc4 b5+ 32. Kb3 Rfa8 33. Qh4 Kf7 34. Rf1+ Ke8 35. Qf6 Qc2+ 36. Kb4 Qb2+ 37. Kc5 Qa3+ 38. Kb6 Qa7# 0-1